MARC

LEADER 00000nam0a2200000 4500
001 148720
005 20231031145551.0
010 |a 5806604667 
020 |a RU  |b 91-46734 
035 |a (RuTPU)RU\TPU\book\161250 
090 |a 148720 
100 |a 20081206d1991 m a0rusy5003 ca 
101 0 |a rus 
102 |a AZ 
105 |a a z 001zy 
200 1 |a Электромагнитные методы измерения параметров полупроводников  |f А. М. Пашаев, А. А. Кулиев  |g Академия наук Азербайджанской ССР (АН АзССР), Институт физики (ИФ) 
210 |a Баку  |c Элм  |d 1991 
215 |a 136 с.  |c ил. 
320 |a Библиогр.: с. 125-134. 
610 1 |a полупроводники 
610 1 |a измерение 
610 1 |a параметры 
610 1 |a электромагнитные методы 
675 |a 537.311.322  |v 3 
700 1 |a Пашаев  |b А. М.  |g Ариф Мир Джалал оглы 
701 1 |a Кулиев  |b А. А.  |g Акиф Али Мухтар оглы 
712 0 2 |a Академия наук Азербайджанской ССР (АН АзССР)  |b Институт физики (ИФ)  |c (Баку)  |2 stltpush  |3 (RuTPU)RU\TPU\col\11561 
801 0 |a RU  |b RuMRKP  |c 19950417  |g psbo 
801 1 |a RU  |b 63413507  |c 20081206  |g PSBO 
801 2 |a RU  |b 63413507  |c 20081219  |g PSBO 
942 |c BK